| 000 | 00477nam a22001457a 4500 | ||
|---|---|---|---|
| 999 |
_c4639 _d4639 |
||
| 008 | 161122b xxu||||| |||| 00| 0 eng d | ||
| 020 | _a0-8213-5984-3 | ||
| 082 | _a332 WOR | ||
| 245 |
_aGlobal Development Finance 2005: _bMobilizing Finance and Managing Vulnerability/ _cThe World Bank.- _hEnglish. |
||
| 260 |
_aWashington, D.C.: _bThe World Bank, _c2005. |
||
| 300 |
_a171p.; _bill.; _c28cm.- |
||
| 440 | _aThe World Bank.- | ||
| 650 | _2Financial economics | ||
| 942 |
_2ddc _cBOOKS |
||